| Поле | Инд. | ПП | Название | Значение |
|---|---|---|---|---|
| Тип записи | a | |||
| Библиографический уровень | m | |||
| 001 | Контрольный номер | 824db276-9179-488a-b295-25901cc64776 | ||
| 005 | Дата корректировки | 20140703152012.1 | ||
| 008 | Кодируемые данные | 061226 | ||
| 020 | a | ISBN | 5-7036-0062-6 | |
| c | Цена, тираж | 290.00 | ||
| 040 | a | Служба первич. каталог. | НБ ТвГУ | |
| 041 | a | Код языка текста | rus | |
| 080 | a | Индекс УДК | 519.876.5 | |
| 084 | a | Индекс другой классификации/Индекс ББК | В183.5 | |
| 090 | x | Авторский знак | П12 | |
| a | Полочн. индекс | В183.5 | ||
| 100 | 1_ | a | Автор | Павловский Юрий Николаевич |
| 245 | 00 | a | Заглавие | Имитационные модели и системы |
| c | Ответственность | Ю. Н. Павловский | ||
| 260 | 0_ | a | Место издания | Москва |
| b | Издательство | ФАЗИС | ||
| b | Издательство | ВЦ РАН | ||
| c | Дата издания | 2000 | ||
| 300 | a | Объем | 131 с. | |
| 440 | a | Серия | Математическое моделирование | |
| 490 | _0 | v | N тома | вып. 2 |
| 504 | a | Библиография | Библиогр.: с. 129-131. | |
| 583 | a | Действие | Получение впервые 495 26.12.2006 | |
| k | Исполнитель действия | ООО "Книжный мир" | ||
| 650 | a | Основная рубрика | Моделирование имитационное | |
| 653 | a | Ключевые слова | Моделирование | |
| a | Ключевые слова | Имитационные модели | ||
| a | Ключевые слова | Имитационные системы | ||
| a | Ключевые слова | Имитационное моделирование | ||
| 852 | t | Порядковый номер экземпляра | 5 | |
| p | Инвентарный номер | 865426 | ||
| p | Инвентарный номер | 865427 | ||
| p | Инвентарный номер | 865428 | ||
| p | Инвентарный номер | 865429 | ||
| p | Инвентарный номер | 865430 | ||
| 863 | t | 00159136 | ||
| 863 | t | 00159137 | ||
| 863 | t | 00159138 | ||
| 863 | t | 00159139 | ||
| 863 | t | 00159140 | ||
| 888 | a | За счет средств университета | ||
| 952 | p | 495.2006 290.00 1 865426 | ||
| p | 495.2006 290.00 1 865427 | |||
| p | 495.2006 290.00 1 865428 | |||
| p | 495.2006 290.00 1 865429 | |||
| p | 495.2006 290.00 1 865430 | |||
| c | Вид литературы | К рн | ||
| 954 | a | Дата поступления на обработку | 20070124 | |
| 999 | a | Подразделение 2 | Фил3 |